| 000 | 00401nam a2200169 4500 | ||
|---|---|---|---|
| 008 | 190521s2012||||CZ d | ||
| 100 | 1 |
_aBolotov Boris _91107 |
|
| 245 | 1 | 0 | _aZdravý clovek v nezdravém svete |
| 260 |
_c2012 _bZvoníci cedry _aPraha |
||
| 250 | _a1.vydanie | ||
| 020 |
_a9788087454053 _c0 |
||
| 300 | _a174s. | ||
| 490 | _aeugenika | ||
| 041 | 1 | _acze | |
| 044 | _aCZ | ||
| 958 | _aA | ||
| 999 |
_c22401 _d22401 |
||